Liigan pistepörssin top5 (2015-16-2024-25) - Statistics

General Stats
  • This quiz has been taken 57 times
  • The average score is 16 of 50
Answer Stats
2015-25 Answer % Correct
2. Lehterä
61%
5. Lehterä
61%
1. (2015-16) Kuusela
58%
4. Kuusela
58%
5. Kuusela
58%
1. (2024-25) Leppänen
53%
1. (2021-22) Levtchi
50%
5. Levtchi
50%
4. Puljujärvi
50%
2. Suomi
50%
5. Suomi
50%
3. Suomi
50%
3. Curry
44%
3. Joly
42%
1. (2022-23) Joly
42%
1. (2016-17) Haapala
39%
1. (2023-24) Palve
36%
2. Savinainen
36%
4. Jasek
33%
5. Danforth
31%
1. (2019-2020) Danforth
31%
1. (2020-21) Kontiola
31%
4. Kontiola
31%
3. Turkulainen
31%
2. Turkulainen
31%
3. Turunen
31%
4. Turunen
31%
2. Palmu
28%
3. Pyörälä
28%
3. Tuppurainen
28%
4. Kallio
25%
2. Kallio
25%
5. Rissanen
25%
1. (2018-19) Strömwall
25%
4. Junttila
22%
5. Bertrand
19%
4. Hjalmarsson
19%
2. Kovarcik
19%
2. Leskinen
19%
1. (2017-18) Suomela
19%
3. Nättinen
17%
5. Press
17%
2. Audette
14%
4. Zaborsky
14%
3. Kestner
11%
4. Oksanen
11%
2. McIntyre
8%
5. Vahalahti
8%
5. Gagnon
6%
3. Ramstdedt
3%
No matching quizzes found
Score Distribution
Percent of People with Each Score
Percentile by Number Answered
Your Score History
You have not taken this quiz